000
00439nam a2200133Ia 4500
008
151001s9999||||xx |||||||||||||| ||und||
100
_a
मुकेश नादान
245
_a
शिकारी का शिकंजा तथा अन्य कहॉनियॉ
250
_a
1
260
_b
हार्दिक प्रकाशन नई दिल्ली
260
_c
२०११
300
_a
75
365
_b
24
999
_c
1000640
_d
1000637